Statistics for Things related to Ukraine

Click here to take the quiz!

General Stats

  • This quiz has been taken 18 times
  • The average score is 7 of 14

Answer Stats

Answer% Correct
Flag
94%
NATO
94%
Sunflower
94%
Volodymyr Zelensky
94%
Chernobyl
69%
Map
63%
Kalyna
50%
Ruslana
44%
Jamala
38%
Verka Serduchka
25%
Ani Lorak
19%
Globe
19%
Melovin
19%
Bohdan Khmelnytsky
13%

Score Distribution

Percentile by Number Answered

Percent of People with Each Score

Your Score History

You have not taken this quiz